| 000 | 00974 a2200169 4500 | ||
|---|---|---|---|
| 003 | Nust | ||
| 005 | 20220725090413.0 | ||
| 040 | _cNust | ||
| 082 | _a004.16,CHO | ||
| 100 |
_aChouudhry, B. S. _994822 |
||
| 245 |
_aPC anatomy _bAn open book on personal computer hardware,maintenance and troubleshooting / _cB. S. Chowdhry and A. R. Memon |
||
| 260 |
_aPakistan. Hyderabad _bMehran Infotech Consultants Hyderabad Pakistan _c1999 |
||
| 300 | _axx,418,p | ||
| 505 | _aIntroduction (Page-1), PC family (Page-38), System Board (Page-55), Microprocessors (Page-91), Supporting IC'S (Page-129), Floppy Disk Drives (Page-146), Hard Disk Drives (Page-168), KeyBoards (Page-1990, Power Supplies (Page-209), Monitors (Page-223), Printers (Page-247), Interfacing Techniques (PAge-273), Routine Preventive Maintenance (Page-286), Introduction About Viruses (Page-292), Networking (Page-296)The pentium (Page-306). | ||
| 650 |
_aComputer hardware _994823 |
||
| 942 |
_2ddc _cBK _k004.16,CHO |
||
| 999 |
_c190603 _d190603 |
||